[Event "v4camp2016"]
[Site "?"]
[Date "2016.06.22"]
[Round "3.21"]
[White "Sankova, Stella"]
[Black "Brnusak, Andrej"]
[Result "1-0"]
[BlackElo "1668"]
[WhiteElo "1792"]
[LiveChessVersion "1.4.8"]

1. d4 {[%clk 1:30:57]} Nf6 {[%clk 1:30:51]} 2. Nf3 {[%clk 1:30:57]} g6
{[%clk 1:31:04]} 3. c4 {[%clk 1:31:20]} Bg7 {[%clk 1:31:23]} 4. Nc3
{[%clk 1:31:45]} O-O {[%clk 1:31:34]} 5. e4 {[%clk 1:31:45]} d6 {[%clk 1:31:47]}
6. Be2 {[%clk 1:31:57]} e5 {[%clk 1:31:41]} 7. O-O {[%clk 1:29:13]} Nc6
{[%clk 1:32:00]} 8. d5 {[%clk 1:29:20]} Ne7 {[%clk 1:32:18]} 9. Ne1
{[%clk 1:29:01]} Ne8 {[%clk 1:29:17]} 10. Be3 {[%clk 1:28:29]} f5
{[%clk 1:27:15]} 11. f3 {[%clk 1:28:48]} f4 {[%clk 1:26:33]} 12. Bf2
{[%clk 1:29:10]} g5 {[%clk 1:25:19]} 13. Nd3 {[%clk 1:27:12]} Nf6
{[%clk 1:11:15]} 14. c5 {[%clk 1:26:31]} h5 {[%clk 1:09:19]} 15. Rc1
{[%clk 1:24:10]} Ng6 {[%clk 1:06:16]} 16. cxd6 {[%clk 1:21:46]} cxd6
{[%clk 1:06:28]} 17. Nb5 {[%clk 1:15:01]} b6 {[%clk 1:01:36]} 18. Nb4
{[%clk 1:08:00]} Ne7 {[%clk 0:51:11]} 19. Qb3 {[%clk 0:58:50]} Kh8
{[%clk 0:46:13]} 20. Rfd1 {[%clk 0:54:42]} Ne8 {[%clk 0:43:47]} 21. Nc6
{[%clk 0:50:25]} Nxc6 {[%clk 0:42:44]} 22. dxc6 {[%clk 0:50:48]} a6
{[%clk 0:41:42]} 23. Nc3 {[%clk 0:50:01]} b5 {[%clk 0:40:04]} 24. Nd5
{[%clk 0:40:48]} Be6 {[%clk 0:36:50]} 25. Qa3 {[%clk 0:35:25]} Bxd5
{[%clk 0:33:01]} 26. Rxd5 {[%clk 0:35:46]} Rf6 {[%clk 0:31:05]} 27. Rcd1
{[%clk 0:24:46]} Bf8 {[%clk 0:29:46]} 28. Rxe5 {[%clk 0:21:36]} dxe5
{[%clk 0:25:37]} 29. Rxd8 {[%clk 0:21:59]} Rxd8 {[%clk 0:25:31]} 30. Qxa6
{[%clk 0:21:55]} Nc7 {[%clk 0:24:40]} 31. Qb7 {[%clk 0:21:03]} Bd6
{[%clk 0:23:03]} 32. Bb6 {[%clk 0:18:07]} Rf7 {[%clk 0:21:29]} 33. Bxb5
{[%clk 0:17:33]} Rdf8 {[%clk 0:18:49]} 34. Bc4 {[%clk 0:15:50]} Re7
{[%clk 0:17:22]} 35. Bxc7 {[%clk 0:14:58]} Rxc7 {[%clk 0:17:16]} 36. Qb5
{[%clk 0:14:03]} Rfc8 {[%clk 0:15:31]} 37. Bd5 {[%clk 0:13:29]} Ra7
{[%clk 0:14:49]} 38. Qc4 {[%clk 0:08:43]} Rb8 {[%clk 0:14:04]} 39. Qc2
{[%clk 0:08:36]} Rb5 {[%clk 0:12:07]} 40. Kf1 {[%clk 0:05:54]} Rc5
{[%clk 0:09:59]} 41. Qb3 {[%clk 0:05:21]} Bc7 {[%clk 0:08:00]} 42. Qb4
{[%clk 0:04:16]} Rc1+ {[%clk 0:06:04]} 43. Ke2 {[%clk 0:04:26]} Rc2+
{[%clk 0:02:50]} 44. Kd1 {[%clk 0:04:34]} Rxg2 {[%clk 0:03:08]} 45. Qf8+
{[%clk 0:04:58]} Kh7 {[%clk 0:03:30]} 46. Bg8+ {[%clk 0:05:01]} Kh8
{[%clk 0:03:13]} 47. Bf7+ {[%clk 0:05:20]} 1-0

[Event "v4camp2016"]
[Site "?"]
[Date "2016.06.22"]
[Round "3.22"]
[White "Pogadl, Martin"]
[Black "Cibikova, Sofia Anna"]
[Result "1/2-1/2"]
[BlackElo "1716"]
[WhiteElo "1464"]
[LiveChessVersion "1.4.8"]

1. Nf3 {[%clk 1:30:57]} d5 {[%clk 1:30:50]} 2. g3 {[%clk 1:31:21]} Nf6
{[%clk 1:30:43]} 3. Bg2 {[%clk 1:31:39]} c5 {[%clk 1:30:38]} 4. d3
{[%clk 1:31:32]} Nc6 {[%clk 1:30:20]} 5. O-O {[%clk 1:31:21]} e5 {[%clk 1:29:10]}
6. e4 {[%clk 1:29:20]} d4 {[%clk 1:24:32]} 7. Nbd2 {[%clk 1:29:15]} Bd6
{[%clk 1:22:52]} 8. a4 {[%clk 1:28:24]} h6 {[%clk 1:21:16]} 9. Nc4
{[%clk 1:28:45]} Bc7 {[%clk 1:21:36]} 10. Ne1 {[%clk 1:28:08]} g5
{[%clk 1:18:21]} 11. f4 {[%clk 1:22:56]} gxf4 {[%clk 1:15:17]} 12. gxf4
{[%clk 1:23:19]} Bg4 {[%clk 1:13:26]} 13. Nf3 {[%clk 1:20:48]} exf4
{[%clk 1:09:06]} 14. Bd2 {[%clk 1:17:57]} Rg8 {[%clk 1:07:25]} 15. Qc1
{[%clk 1:15:34]} Bh3 {[%clk 0:59:27]} 16. Rf2 {[%clk 1:12:29]} Nh5
{[%clk 0:56:38]} 17. Re2 {[%clk 1:07:42]} Qd7 {[%clk 0:51:09]} 18. Qf1
{[%clk 1:04:07]} O-O-O {[%clk 0:48:29]} 19. Kh1 {[%clk 1:03:47]} Bxg2+
{[%clk 0:43:50]} 20. Rxg2 {[%clk 1:04:06]} Nf6 {[%clk 0:40:43]} 21. Qe2
{[%clk 0:59:21]} Rxg2 {[%clk 0:39:27]} 22. Qxg2 {[%clk 0:59:31]} Rg8
{[%clk 0:37:50]} 23. Qe2 {[%clk 0:59:07]} Ng4 {[%clk 0:36:50]} 24. Rg1
{[%clk 0:58:03]} Re8 {[%clk 0:35:03]} 25. Nxd4 {[%clk 0:53:29]} Nxd4
{[%clk 0:26:08]} 26. Qxg4 {[%clk 0:53:45]} Qxg4 {[%clk 0:24:13]} 27. Rxg4
{[%clk 0:53:29]} Nxc2 {[%clk 0:22:05]} 28. Bxf4 {[%clk 0:53:25]} h5
{[%clk 0:20:33]} 29. Rh4 {[%clk 0:53:39]} Nd4 {[%clk 0:17:28]} 30. Bxc7
{[%clk 0:53:01]} Kxc7 {[%clk 0:17:48]} 31. Rxh5 {[%clk 0:52:33]} b6
{[%clk 0:15:57]} 32. Rd5 {[%clk 0:50:21]} Rg8 {[%clk 0:13:43]} 33. Nd2
{[%clk 0:47:28]} Ne2 {[%clk 0:13:17]} 34. Nf3 {[%clk 0:46:52]} f6
{[%clk 0:10:59]} 35. Rf5 {[%clk 0:44:01]} Rg6 {[%clk 0:09:53]} 36. e5
{[%clk 0:43:26]} fxe5 {[%clk 0:09:23]} 37. Rxe5 {[%clk 0:43:42]} Nf4
{[%clk 0:09:28]} 38. d4 {[%clk 0:34:21]} Nh3 {[%clk 0:08:38]} 39. Re2
{[%clk 0:32:24]} cxd4 {[%clk 0:07:27]} 40. b3 {[%clk 0:29:55]} Kd6
{[%clk 0:05:20]} 41. Rg2 {[%clk 0:29:04]} Rf6 {[%clk 0:05:08]} 42. Rg3
{[%clk 0:26:00]} Nf2+ {[%clk 0:05:11]} 43. Kg2 {[%clk 0:25:54]} Nd3
{[%clk 0:03:37]} 44. h3 {[%clk 0:23:01]} Nf4+ {[%clk 0:02:54]} 45. Kf2
{[%clk 0:21:02]} d3 {[%clk 0:03:02]} 46. Ke3 {[%clk 0:16:09]} Kc5
{[%clk 0:01:40]} 47. Nd2 {[%clk 0:14:26]} Nd5+ {[%clk 0:01:02]} 48. Kxd3
{[%clk 0:14:23]} Nf4+ {[%clk 0:00:48]} 49. Ke3 {[%clk 0:14:00]} Nd5+
{[%clk 0:00:52]} 50. Kd3 {[%clk 0:13:55]} Nf4+ {[%clk 0:00:51]} 51. Ke3
{[%clk 0:12:11]} Nd5+ {[%clk 0:01:03]} 52. Ke2 {[%clk 0:09:11]} Rh6
{[%clk 0:01:03]} 53. Kd3 {[%clk 0:07:39]} Nf4+ {[%clk 0:01:12]} 54. Kc2
{[%clk 0:07:16]} Rxh3 {[%clk 0:00:52]} 55. Rxh3 {[%clk 0:07:28]} Nxh3
{[%clk 0:01:18]} 56. Kc3 {[%clk 0:07:15]} 1/2-1/2

[Event "v4camp2016"]
[Site "?"]
[Date "2016.06.22"]
[Round "3.24"]
[White "Datelova, Daniela"]
[Black "Bobrova, Katarina"]
[Result "1/2-1/2"]
[BlackElo "1442"]
[WhiteElo "1331"]
[LiveChessVersion "1.4.8"]

1. d4 {[%clk 1:30:56]} d5 {[%clk 1:30:42]} 2. c4 {[%clk 1:31:16]} c6
{[%clk 1:30:34]} 3. Nc3 {[%clk 1:31:27]} Nf6 {[%clk 1:30:02]} 4. Nf3
{[%clk 1:31:34]} Bf5 {[%clk 1:29:22]} 5. Bf4 {[%clk 1:31:34]} e6 {[%clk 1:28:00]}
6. c5 {[%clk 1:30:28]} Be7 {[%clk 1:26:02]} 7. e3 {[%clk 1:30:51]} Nbd7
{[%clk 1:24:00]} 8. Bd3 {[%clk 1:30:55]} Bxd3 {[%clk 1:22:28]} 9. Qxd3
{[%clk 1:31:01]} Nh5 {[%clk 1:22:00]} 10. O-O {[%clk 1:27:57]} Nxf4
{[%clk 1:16:58]} 11. exf4 {[%clk 1:28:07]} O-O {[%clk 1:16:46]} 12. Rfe1
{[%clk 1:27:58]} Qc7 {[%clk 1:14:01]} 13. Ng5 {[%clk 1:22:57]} Bxg5
{[%clk 1:12:29]} 14. fxg5 {[%clk 1:23:18]} Qf4 {[%clk 1:08:33]} 15. Qe3
{[%clk 1:23:19]} Qf5 {[%clk 1:03:50]} 16. f4 {[%clk 1:21:27]} Rae8
{[%clk 1:02:15]} 17. Re2 {[%clk 1:17:54]} f6 {[%clk 1:01:11]} 18. gxf6
{[%clk 1:14:23]} Rxf6 {[%clk 1:00:29]} 19. Rf1 {[%clk 1:14:33]} e5
{[%clk 1:00:06]} 20. Rf3 {[%clk 1:10:10]} e4 {[%clk 0:55:54]} 21. Rf1
{[%clk 1:09:37]} Ree6 {[%clk 0:50:04]} 22. g3 {[%clk 1:07:51]} Rg6
{[%clk 0:45:44]} 23. Rg2 {[%clk 1:08:01]} h5 {[%clk 0:44:31]} 24. h4
{[%clk 1:06:30]} Nf6 {[%clk 0:38:36]} 25. Nd1 {[%clk 1:00:40]} Ng4
{[%clk 0:36:35]} 26. Qc3 {[%clk 1:00:03]} e3 {[%clk 0:32:14]} 27. Re2
{[%clk 0:58:22]} Nf2 {[%clk 0:29:32]} 28. Nxe3 {[%clk 0:47:56]} Qh3
{[%clk 0:15:43]} 29. Rfxf2 {[%clk 0:47:51]} Rxg3+ {[%clk 0:15:51]} 30. Rg2
{[%clk 0:47:34]} Rexe3 {[%clk 0:15:24]} 31. Qd2 {[%clk 0:46:08]} Rd3
{[%clk 0:09:19]} 32. Rxg3 {[%clk 0:38:59]} Qxg3+ {[%clk 0:08:51]} 33. Rg2
{[%clk 0:39:21]} Rxd2 {[%clk 0:08:36]} 34. Rxg3 {[%clk 0:39:44]} Rxd4
{[%clk 0:08:48]} 35. Rb3 {[%clk 0:39:11]} Rxf4 {[%clk 0:08:39]} 36. Rxb7
{[%clk 0:39:34]} d4 {[%clk 0:08:47]} 37. Rxa7 {[%clk 0:39:19]} Rxh4
{[%clk 0:08:54]} 38. Ra6 {[%clk 0:38:14]} Rg4+ {[%clk 0:09:08]} 39. Kh2
{[%clk 0:38:24]} Rg6 {[%clk 0:09:33]} 40. Ra4 {[%clk 0:37:30]} d3
{[%clk 0:09:32]} 41. Rd4 {[%clk 0:37:51]} Rg5 {[%clk 0:09:41]} 42. Rxd3
{[%clk 0:37:21]} Rxc5 {[%clk 0:10:01]} 43. a4 {[%clk 0:36:44]} Rc2+
{[%clk 0:10:21]} 44. Kg3 {[%clk 0:36:34]} Rxb2 {[%clk 0:10:46]} 45. Rc3
{[%clk 0:36:32]} Ra2 {[%clk 0:10:43]} 46. Rc4 {[%clk 0:36:05]} Kh7
{[%clk 0:10:19]} 47. Kh4 {[%clk 0:35:57]} g6 {[%clk 0:10:25]} 48. Kg5
{[%clk 0:35:59]} Rg2+ {[%clk 0:10:11]} 49. Kh4 {[%clk 0:36:15]} Kh6
{[%clk 0:10:08]} 50. a5 {[%clk 0:35:52]} Ra2 {[%clk 0:08:37]} 51. Rc5
{[%clk 0:35:59]} Ra4+ {[%clk 0:08:45]} 52. Kh3 {[%clk 0:36:18]} Kg7
{[%clk 0:07:55]} 53. Kg3 {[%clk 0:36:18]} Kf7 {[%clk 0:07:51]} 54. Kf3
{[%clk 0:36:26]} h4 {[%clk 0:07:21]} 55. Kg2 {[%clk 0:36:20]} Ra3
{[%clk 0:07:16]} 56. Kh2 {[%clk 0:36:28]} Kg7 {[%clk 0:07:04]} 57. Kg2
{[%clk 0:36:35]} Rg3+ {[%clk 0:06:58]} 58. Kh2 {[%clk 0:36:59]} Ra3
{[%clk 0:07:12]} 59. Kg2 {[%clk 0:37:18]} Rg3+ {[%clk 0:06:54]} 60. Kh2 1/2-1/2

[Event "v4camp2016"]
[Site "?"]
[Date "2016.06.22"]
[Round "3.25"]
[White "Gorog, Almos"]
[Black "Golda, Sebastian"]
[Result "1/2-1/2"]
[BlackElo "1877"]
[WhiteElo "1976"]
[LiveChessVersion "1.4.8"]

1. c4 {[%clk 1:30:59]} e5 {[%clk 1:30:57]} 2. Nc3 {[%clk 1:31:23]} Nf6
{[%clk 1:31:22]} 3. g3 {[%clk 1:31:48]} c6 {[%clk 1:31:48]} 4. Bg2
{[%clk 1:31:45]} d5 {[%clk 1:29:56]} 5. cxd5 {[%clk 1:29:30]} cxd5
{[%clk 1:30:25]} 6. Qb3 {[%clk 1:17:40]} Nc6 {[%clk 1:30:44]} 7. Nxd5
{[%clk 1:06:42]} Nd4 {[%clk 1:25:13]} 8. Nxf6+ {[%clk 1:06:46]} gxf6
{[%clk 1:22:52]} 9. Qd1 {[%clk 1:06:13]} Bf5 {[%clk 1:10:52]} 10. d3
{[%clk 1:06:04]} Rc8 {[%clk 1:01:04]} 11. Kf1 {[%clk 1:05:01]} Nc2
{[%clk 0:58:00]} 12. Rb1 {[%clk 1:03:01]} e4 {[%clk 0:58:10]} 13. Bh3
{[%clk 1:01:09]} Qd7 {[%clk 0:53:07]} 14. Bxf5 {[%clk 0:54:22]} Qxf5
{[%clk 0:53:31]} 15. Bf4 {[%clk 0:52:36]} Bd6 {[%clk 0:39:45]} 16. Rc1
{[%clk 0:30:35]} Bxf4 {[%clk 0:38:00]} 17. Rxc2 {[%clk 0:27:45]} Rxc2
{[%clk 0:35:21]} 18. Qxc2 {[%clk 0:28:02]} Be3 {[%clk 0:35:13]} 19. f3
{[%clk 0:27:56]} Bxg1 {[%clk 0:32:03]} 20. Kxg1 {[%clk 0:21:41]} exf3
{[%clk 0:31:50]} 21. exf3 {[%clk 0:21:44]} O-O {[%clk 0:31:54]} 22. Kg2
{[%clk 0:19:44]} Re8 {[%clk 0:30:19]} 23. Rf1 {[%clk 0:17:41]} 1/2-1/2

[Event "v4camp2016"]
[Site "?"]
[Date "2016.06.22"]
[Round "3.26"]
[White "Korcyl, Patryk"]
[Black "Zlotov, Viktor"]
[Result "1-0"]
[BlackElo "1533"]
[WhiteElo "1527"]
[LiveChessVersion "1.4.8"]

1. e4 c5 {[%clk 1:30:38]} 2. Nf3 d6 3. d4 {[%clk 1:31:44]} cxd4 {[%clk 1:30:59]}
4. Nxd4 {[%clk 1:32:10]} g6 {[%clk 1:30:48]} 5. Be3 {[%clk 1:32:26]} Bg7
{[%clk 1:29:59]} 6. Nc3 {[%clk 1:31:55]} Nf6 {[%clk 1:29:24]} 7. f3
{[%clk 1:32:18]} O-O {[%clk 1:27:56]} 8. Qd2 {[%clk 1:32:39]} Nc6
{[%clk 1:27:27]} 9. O-O-O {[%clk 1:32:58]} Bd7 {[%clk 1:27:14]} 10. g4
{[%clk 1:32:51]} h5 {[%clk 1:21:55]} 11. gxh5 {[%clk 1:32:21]} Nxh5
{[%clk 1:22:10]} 12. Rg1 {[%clk 1:28:45]} Rc8 {[%clk 1:18:10]} 13. h4
{[%clk 1:21:22]} b5 {[%clk 1:12:45]} 14. Nxc6 {[%clk 1:15:07]} Bxc6
{[%clk 1:12:22]} 15. Bh6 {[%clk 1:13:46]} b4 {[%clk 1:09:20]} 16. Bxg7
{[%clk 1:13:45]} Kxg7 {[%clk 1:09:11]} 17. Nd5 {[%clk 1:13:03]} Bxd5
{[%clk 1:07:27]} 18. Qxd5 {[%clk 1:12:01]} Rh8 {[%clk 1:05:46]} 19. e5
{[%clk 1:09:26]} Qc7 {[%clk 1:02:26]} 20. Bd3 {[%clk 1:06:25]} Nf4
{[%clk 1:01:13]} 21. exd6 {[%clk 1:06:13]} Qxd6 {[%clk 0:58:07]} 22. Qxd6
{[%clk 1:05:12]} exd6 {[%clk 0:58:29]} 23. Rg4 {[%clk 1:04:12]} Nh3
{[%clk 0:55:07]} 24. Rxb4 {[%clk 1:03:44]} Rhe8 {[%clk 0:54:04]} 25. Ba6
{[%clk 0:57:16]} Rc7 {[%clk 0:51:01]} 26. Rxd6 {[%clk 0:56:12]} Ng1
{[%clk 0:48:56]} 27. Rd3 {[%clk 0:49:47]} Re2 {[%clk 0:38:54]} 28. Rc4
{[%clk 0:48:50]} Rce7 {[%clk 0:37:51]} 29. b4 {[%clk 0:47:46]} Rf2
{[%clk 0:37:19]} 30. a4 {[%clk 0:40:41]} Ree2 {[%clk 0:34:40]} 31. Bb7
{[%clk 0:39:38]} Re1+ {[%clk 0:33:54]} 32. Kb2 {[%clk 0:39:32]} Ne2
{[%clk 0:33:26]} 33. b5 {[%clk 0:37:52]} Rff1 {[%clk 0:33:17]} 34. Ka3
{[%clk 0:37:53]} Nc1 {[%clk 0:31:27]} 35. Rd7 {[%clk 0:37:20]} Re3+
{[%clk 0:29:40]} 36. Kb4 {[%clk 0:37:36]} Ne2 {[%clk 0:28:59]} 37. Ka5
{[%clk 0:37:05]} Ra1 {[%clk 0:28:13]} 38. Bd5 {[%clk 0:36:47]} Rea3
{[%clk 0:26:23]} 39. Rxf7+ {[%clk 0:35:15]} Kh6 {[%clk 0:26:34]} 40. Rb4
{[%clk 0:35:07]} Re3 {[%clk 0:23:47]} 41. Rxa7 {[%clk 0:34:32]} Nc3
{[%clk 0:22:46]} 42. Bb3 {[%clk 0:33:58]} Rxf3 {[%clk 0:22:38]} 43. b6
{[%clk 0:34:16]} 1-0

[Event "v4camp2016"]
[Site "?"]
[Date "2016.06.22"]
[Round "3.27"]
[White "Grimm, Balazs"]
[Black "Rog, Mateusz"]
[Result "0-1"]
[BlackElo "1403"]
[WhiteElo "1566"]
[LiveChessVersion "1.4.8"]

1. e4 {[%clk 1:30:58]} e5 {[%clk 1:30:10]} 2. Nc3 {[%clk 1:31:10]} Nf6
{[%clk 1:30:24]} 3. f4 {[%clk 1:31:21]} d6 {[%clk 1:29:28]} 4. Nf3
{[%clk 1:31:34]} Nbd7 {[%clk 1:29:32]} 5. Bc4 {[%clk 1:31:46]} Be7
{[%clk 1:29:41]} 6. d3 {[%clk 1:31:38]} c6 7. fxe5 {[%clk 1:31:37]} Nxe5
{[%clk 1:29:32]} 8. Nxe5 {[%clk 1:31:56]} dxe5 {[%clk 1:29:52]} 9. O-O
{[%clk 1:32:08]} b5 {[%clk 1:28:04]} 10. Bb3 {[%clk 1:32:26]} a5 {[%clk 1:28:15]}
11. a4 {[%clk 1:32:41]} b4 {[%clk 1:28:19]} 12. Ne2 {[%clk 1:32:52]} O-O
{[%clk 1:27:57]} 13. Ng3 {[%clk 1:33:07]} Bc5+ {[%clk 1:26:04]} 14. Kh1
{[%clk 1:32:55]} Ng4 {[%clk 1:26:17]} 15. Qf3 {[%clk 1:32:32]} Nxh2
{[%clk 1:24:13]} 16. Qh5 {[%clk 1:30:35]} Nxf1 {[%clk 1:24:05]} 17. Nxf1
{[%clk 1:30:57]} Be6 {[%clk 1:21:30]} 18. Qxe5 {[%clk 1:09:17]} Qh4+
{[%clk 1:20:42]} 19. Qh2 {[%clk 1:09:13]} Qe1 {[%clk 1:19:47]} 20. Qf4
{[%clk 1:07:43]} Rfe8 {[%clk 1:17:56]} 21. Bxe6 {[%clk 1:03:55]} Rxe6
{[%clk 1:18:11]} 22. Qf5 {[%clk 0:59:37]} Rf6 {[%clk 1:16:34]} 0-1

[Event "v4camp2016"]
[Site "?"]
[Date "2016.06.22"]
[Round "3.28"]
[White "Surpeta, Julia"]
[Black "Meszaros, Marta Mira"]
[Result "1-0"]
[BlackElo "1190"]
[WhiteElo "1492"]
[LiveChessVersion "1.4.8"]

1. e4 {[%clk 1:30:58]} c5 {[%clk 1:30:48]} 2. Nc3 {[%clk 1:31:18]} Nc6
{[%clk 1:31:03]} 3. Nf3 {[%clk 1:31:15]} g6 {[%clk 1:31:05]} 4. g3
{[%clk 1:31:33]} Bg7 {[%clk 1:31:27]} 5. Bg2 {[%clk 1:31:51]} Nf6
{[%clk 1:31:50]} 6. d3 {[%clk 1:32:15]} O-O {[%clk 1:32:08]} 7. O-O
{[%clk 1:32:30]} d6 {[%clk 1:32:30]} 8. h3 {[%clk 1:32:54]} Nd4 {[%clk 1:28:34]}
9. Be3 {[%clk 1:30:28]} Nxf3+ {[%clk 1:28:48]} 10. Qxf3 {[%clk 1:30:49]} Be6
{[%clk 1:28:20]} 11. Rad1 {[%clk 1:31:04]} Qd7 {[%clk 1:28:11]} 12. g4
{[%clk 1:28:45]} a5 {[%clk 1:18:08]} 13. d4 {[%clk 1:27:19]} cxd4
{[%clk 1:17:43]} 14. Bxd4 {[%clk 1:27:40]} Qc8 {[%clk 1:14:15]} 15. Rfe1
{[%clk 1:22:04]} a4 {[%clk 1:06:05]} 16. a3 {[%clk 1:21:57]} Qc6 {[%clk 0:59:23]}
17. Qe3 {[%clk 1:19:50]} Qc8 {[%clk 0:58:09]} 18. f4 {[%clk 1:18:43]} Qc4
{[%clk 0:47:29]} 19. Rd2 {[%clk 1:07:32]} Rfd8 {[%clk 0:45:23]} 20. Qf2
{[%clk 1:06:20]} Rd7 {[%clk 0:37:01]} 21. f5 {[%clk 1:05:57]} Bxf5
{[%clk 0:26:46]} 22. exf5 {[%clk 1:05:29]} Rf8 {[%clk 0:25:14]} 23. g5
{[%clk 1:04:53]} Nh5 {[%clk 0:22:24]} 24. f6 {[%clk 1:04:37]} exf6
{[%clk 0:21:37]} 25. gxf6 {[%clk 1:04:59]} Bh6 {[%clk 0:20:41]} 26. Be3
{[%clk 1:03:16]} Bxe3 {[%clk 0:20:00]} 27. Rxe3 {[%clk 1:03:33]} b5
{[%clk 0:19:26]} 28. Re4 {[%clk 1:02:35]} Qc7 {[%clk 0:13:57]} 29. Rd5
{[%clk 1:00:40]} Qd8 {[%clk 0:11:08]} 30. Rxh5 {[%clk 1:00:46]} Qc7
{[%clk 0:09:00]} 31. Qh4 {[%clk 0:59:34]} Qb6+ {[%clk 0:07:37]} 32. Kh2
{[%clk 0:59:43]} d5 {[%clk 0:05:31]} 33. Rf4 {[%clk 0:59:35]} Qc7
{[%clk 0:02:15]} 34. Rxh7 {[%clk 0:59:53]} Qxf4+ {[%clk 0:02:32]} 35. Qxf4
{[%clk 1:00:19]} Kxh7 {[%clk 0:02:48]} 36. Qh4+ {[%clk 1:00:45]} Kg8
{[%clk 0:02:50]} 37. Qh6 g5 {[%clk 0:02:35]} 38. Qg7# {[%clk 1:01:30]} 1-0